Grand Egyptian Museum competition = (Record no. 3527)

MARC details
000 -LEADER
fixed length control field 01432nam a22003735a 4500
003 - CONTROL NUMBER IDENTIFIER
control field EG-ScBUE
005 - DATE AND TIME OF LATEST TRANSACTION
control field 20221218094949.0
008 - FIXED-LENGTH DATA ELEMENTS--GENERAL INFORMATION
fixed length control field 190414s2003 ko ace f 000 0 mul d
020 ## - INTERNATIONAL STANDARD BOOK NUMBER
International Standard Book Number 8957700056
020 ## - INTERNATIONAL STANDARD BOOK NUMBER
International Standard Book Number 8957700048
020 ## - INTERNATIONAL STANDARD BOOK NUMBER
International Standard Book Number 9788957700048
040 ## - CATALOGING SOURCE
Original cataloging agency EG-ScBUE
Language of cataloging eng
Description conventions rda
Transcribing agency EG-ScBUE
Modifying agency EG-ScBUE
041 0# - LANGUAGE CODE
Language code of text/sound track or separate title eng
-- kor
043 ## - GEOGRAPHIC AREA CODE
Geographic area code f-ua---
082 04 - DEWEY DECIMAL CLASSIFICATION NUMBER
Classification number 727.60009622
Item number GRA
Edition number 22
245 00 - TITLE STATEMENT
Title Grand Egyptian Museum competition =
Remainder of title 그랜드 이집트 박물관 현상 설계 = Kŭraendŭ Ijipt'ŭ Pangmulgwan hyŏnsang sŏlgye.
246 31 - VARYING FORM OF TITLE
Title proper/short title 그랜드 이집트 박물관 현상 설계
246 31 - VARYING FORM OF TITLE
Title proper/short title Kŭraendŭ Ijipt'ŭ Pangmulgwan hyŏnsang sŏlgye
264 #1 - PUBLICATION, DISTRIBUTION, ETC. (IMPRINT)
Place of publication, distribution, etc Seoul, Korea (South) :
Name of publisher, distributor, etc Archiworld,
Date of publication, distribution, etc 2003.
300 ## - PHYSICAL DESCRIPTION
Extent 183 pages :
Other physical details illustrations (chiefly color), portraits (some color), plans (some color),
Dimensions 31 cm.
336 ## - CONTENT TYPE
Source rdacontent
Content type term text
Content type code txt
337 ## - MEDIA TYPE
Source rdamedia
Media type term unmediated
Media type code n
338 ## - CARRIER TYPE
Source rdacarrier
Carrier type term volume
Carrier type code nc
490 0# - SERIES STATEMENT
Series statement Sin tosi kyehoek =
-- New town project ;
Volume number/sequential designation 3
546 ## - LANGUAGE NOTE
Language note Text in Korean and English.
610 27 - SUBJECT ADDED ENTRY--CORPORATE NAME
Corporate name or jurisdiction name as entry element Grand Egyptian Museum Project.
Source of heading or term BUEsh
650 #7 - SUBJECT ADDED ENTRY--TOPICAL TERM
Topical term or geographic name as entry element Museum architecture|z
Geographic subdivision Egypt
-- Jīzah
Form subdivision Designs and plans.
Source of heading or term BUEsh
650 #7 - SUBJECT ADDED ENTRY--TOPICAL TERM
Topical term or geographic name as entry element Architecture
General subdivision Competitions
Geographic subdivision Egypt
-- Jīzah.
Source of heading or term BUEsh
650 #7 - SUBJECT ADDED ENTRY--TOPICAL TERM
Topical term or geographic name as entry element Architectural design
General subdivision Competitions
Geographic subdivision Egypt
-- Jīzah.
Source of heading or term BUEsh
651 ## - SUBJECT ADDED ENTRY--GEOGRAPHIC NAME
Source of heading or term BUEsh
653 ## - INDEX TERM--UNCONTROLLED
Resource For college Engineering, Architecture
Arrived date list April2019
655 ## - INDEX TERM--GENRE/FORM
Form subdivision Reading book
942 ## - ADDED ENTRY ELEMENTS (KOHA)
Source of classification or shelving scheme Dewey Decimal Classification
Koha item type Book - Borrowing
Holdings
Withdrawn status Lost status Source of classification or shelving scheme Damaged status Not for loan Collection code Home library Current library Shelving location Date acquired Source of acquisition Total Checkouts Total Renewals Full call number Barcode Date last seen Date checked out Koha item type
    Dewey Decimal Classification     International Marketing Center Central Library Central Library Second Floor 02/07/2007 Purchase 8 78 727.60009622 GRA 000001044 15/07/2025 27/02/2019 Book - Borrowing